Diplomação / (Record no. 1379)

MARC details
000 -LÍDER
Campo Fixo de Controle 00954nam a2200277 a 4500
001 - NÚMERO DE CONTROLE
Campo de Controle 1379
003 - IDENTIFICAÇÃO DO NÚMERO DE CONTROLE
Campo de Controle BR-CuiBMT
005 - DATA E HORA DA ÚLTIMA ATUALIZAÇÃO
Campo de Controle 20231210041037.0
008 - DADOS FIXOS
Dados Fixos 231201s2008 dfb 000 0 por d
020 ## - INTERNATIONAL STANDARD BOOK NUMBER
Nº do ISBN 8586611174
040 ## - AGÊNCIA CATALOGADORA
Código da Agência Catalogadora BR-CuiBMT
Agência que transcreveu o registro BR-CuiBMT
080 ## - Nº DA CLASSIFICAÇÃO DECIMAL UNIVERSAL
Nº Class. CDU 342.812
Nº edição CDU 2007
090 ## - NÚMERO DE CHAMADA
Nº classificação 342.812
Cutter B823d
110 1# - ENTRADA PRINCIPAL -- ENTIDADE
Nome da entidade ou lugar Brasil.
Unidade subordinada Tribunal Superior Eleitoral.
245 10 - TÍTULO PRINCIPAL
Título principal Diplomação /
Indicação de responsabilidade Tribunal Superior Eleitoral.
260 ## - PUBLICAÇÃO, DISTRIBUIÇÃO, ETC.
Local de publicação Brasília :
Editora TSE, Secretaria de Gestão da Informação,
Data 2008.
300 ## - DESCRIÇÃO FÍSICA
N. páginas ou volumes 155 p. ;
Dimensões 21 cm
490 1# - INDICAÇÃO DE SÉRIE
Título da série Jurisprudência do TSE. Temas selecionados ;
Volume/designação sequencial da série v. 10
500 ## - NOTAS GERAIS
Notas gerais "Atualização até julho de 2007".
504 ## - NOTA DE BIBLIOGRAFIA, ETC.
Nota de bibliografia Inclui bibliografia.
650 ## - ASSUNTO TÓPICO
Cabeçalho tópico ou nome geográfico Candidatos políticos
Subdivisão geográfica Brasil
650 ## - ASSUNTO TÓPICO
Cabeçalho tópico ou nome geográfico Políticos
Subdivisão geral Diplomação
-- Jurisprudência
Subdivisão geográfica Brasil
650 ## - ASSUNTO TÓPICO
Cabeçalho tópico ou nome geográfico Tribunal Superior Eleitoral
Subdivisão geral Direito eleitoral
Subdivisão geográfica Brasil
830 #0 - ENTRADA SECUNDÁRIA DE SÉRIE -- TÍTULO UNIFORME
Título uniforme Jurisprudência do TSE.
Nome da parte/seção da publicação Temas selecionados
Nº do volume/designação sequencial da série 10
942 ## - ELEMENTOS DE ENTRADA ADICIONAIS (KOHA)
Fonte de classificação ou esquema de arquivamento Classificação Decimal Universal
Tipo de item do Koha Livros
Holdings
Estado: removido Estado: perdido Fonte de classificação ou esquema de arquivamento Estado: danificado Indisponível para empréstimo Localização permanente Localização atual Data de aquisição Total Checkouts Número de Chamada completo Código de barras Date last seen Número do exemplar Preço efetivo a partir de Tipo de item (Koha)
    Classificação Decimal Universal     Biblioteca da Escola Superior de Contas do TCE/MT Biblioteca da Escola Superior de Contas do TCE/MT 06/12/2023   342.812 B823d BIBTCEMT23120259 06/12/2023 Ex. 1 06/12/2023 Livros

Powered by Koha